Los caballeros
Gespeichert in:
| 1. Verfasser: | |
|---|---|
| Format: | Buch |
| Sprache: | Spanisch |
| Veröffentlicht: |
Santiago
Universitaria
1971
|
| Schriftenreihe: | Los Clásicos, 4
|
| Schlagworte: | |
| Tags: |
Tag hinzufügen
Keine Tags, Fügen Sie den ersten Tag hinzu!
|
MARC
| LEADER | 00000nam a2200000 a 4500 | ||
|---|---|---|---|
| 001 | UCQ4467 | ||
| 003 | CL-VaPUC | ||
| 008 | 980904e19710000CL |||||||||||||||||spa|d | ||
| 082 | 0 | 4 | |a 882 |b ARI |2 21 |
| 100 | |a Aristófanes |e autor |9 341314 | ||
| 245 | 1 | 4 | |a Los caballeros |
| 300 | |a 94 p | ||
| 942 | |c BK | ||
| 945 | |d 19980904 00:00:00 |a lriquelm | ||
| 260 | |a Santiago |b Universitaria |c 1971 | ||
| 650 | 7 | |a COMEDIA GRIEGA |2 CL-VaPUC |9 326406 | |
| 650 | 7 | |a LITERATURA GRIEGA |2 CL-VaPUC |9 258054 | |
| 583 | |a last modification |c 19980904 00:00:00 |k Rodrigo Vera | ||
| 490 | 0 | |a Los Clásicos, 4 | |
| 999 | |c 274842 |d 274840 | ||
| 952 | |0 0 |1 0 |4 0 |6 882_000000000000000_ARI_1971 |7 0 |8 A |9 311167 |a BIBEDU |b BIBEDU |d 2019-11-20 |i 1462164 |o 882 ARI 1971 |p 1462164 |r 2019-11-20 |w 2019-11-20 |y BK |k LIT | ||
| 952 | |0 0 |1 0 |4 0 |6 882_000000000000000_ARI_1971 |7 0 |8 A |9 311168 |a BIBEDU |b BIBEDU |d 2019-11-20 |i 1462113 |o 882 ARI 1971 |p 1462113 |r 2019-11-20 |w 2019-11-20 |y BK |k LIT | ||
| 952 | |0 0 |1 0 |4 0 |6 882_000000000000000_ARI_1971 |7 0 |8 A |9 311170 |a BIBEDU |b BIBEDU |d 2019-11-20 |i 1462261 |o 882 ARI 1971 |p 1462261 |r 2019-11-20 |w 2019-11-20 |y BK |k LIT | ||
| 952 | |0 0 |1 0 |4 0 |6 882_000000000000000_ARI_1971 |7 0 |8 A |9 311171 |a BIBEDU |b BIBEDU |d 2019-11-20 |i 1462016 |o 882 ARI 1971 |p 1462016 |r 2019-11-20 |w 2019-11-20 |y BK |k LIT | ||
| 952 | |0 0 |1 0 |4 0 |6 882_000000000000000_ARI_1971 |7 0 |8 A |9 311172 |a BIBEDU |b BIBEDU |d 2019-11-20 |i 1462067 |o 882 ARI 1971 |p 1462067 |r 2019-11-20 |w 2019-11-20 |y BK |k LIT | ||
| 952 | |0 0 |1 0 |4 0 |6 882_000000000000000_ARI_1971 |7 0 |8 X |9 311174 |a BIBHIS |b BIBHIS |d 2019-11-20 |i 1363115 |o 882 ARI 1971 |p 1363115 |r 2024-01-30 |w 2019-11-20 |y BK_X |k HIS | ||